| Tag |
First Indicator |
Second Indicator |
Subfields |
| LEADER |
00000cas a2200000 a 4500 |
| 001 |
in00002783250 |
| 005 |
20151202171822.0 |
| 006 |
m o d |
| 007 |
cr ||||||||||| |
| 008 |
050614c19929999maufx poo o 0 0eng d |
| 010 |
|
|
|a 2009252803
|
| 019 |
|
|
|a 58423986
|a 290976394
|a 694312573
|
| 022 |
|
|
|y 1077-2901
|
| 029 |
0 |
|
|a OCLCS
|b 86572
|
| 029 |
1 |
|
|a OCLCS
|b OP-26369
|
| 029 |
1 |
|
|a AU@
|b 000026895229
|
| 029 |
1 |
|
|a NZ1
|b 12447651
|
| 029 |
1 |
|
|a AU@
|b 000043825149
|
| 029 |
1 |
|
|a AU@
|b 000044062659
|
| 029 |
1 |
|
|a AU@
|b 000045705917
|
| 029 |
1 |
|
|a NZ1
|b 13969683
|
| 029 |
1 |
|
|a AU@
|b 000044257797
|
| 035 |
|
|
|a (OCoLC)ocm60627281
|
| 035 |
|
|
|a (OCoLC)60627281
|z (OCoLC)58423986
|z (OCoLC)290976394
|z (OCoLC)694312573
|
| 040 |
|
|
|a OCLCS
|c OCLCS
|d AUD
|d EYM
|d WAU
|d MUQ
|d WAU
|d OCLCE
|d OCLCQ
|d TXA
|d UtOrBLW
|
| 042 |
|
|
|a lcd
|
| 049 |
|
|
|a TXAM
|
| 050 |
1 |
4 |
|a PN2
|b .H33 Electronic
|
| 082 |
1 |
4 |
|a 051
|2 12
|
| 130 |
0 |
|
|a Harvard review (Cambridge, Mass. : 1992 : Online)
|
| 245 |
1 |
0 |
|a Harvard review.
|
| 264 |
|
1 |
|a Cambridge, MA :
|b President and Fellows of Harvard College,
|c 1992-
|
| 310 |
|
|
|a 2 no. a year,
|b fall 1993-
|
| 321 |
|
|
|a Three no. a year,
|b spring 1992-spring 1993
|
| 336 |
|
|
|a text
|b txt
|2 rdacontent
|
| 337 |
|
|
|a computer
|b c
|2 rdamedia
|
| 338 |
|
|
|a online resource
|b cr
|2 rdacarrier
|
| 362 |
0 |
|
|a No. 1 (spring 1992)-
|
| 500 |
|
|
|a Published by: Houghton Library of the Harvard College Library, 2001-
|
| 500 |
|
|
|a Latest issue consulted: Number 34 (June 2008) (Expanded Academic ASAP, viewed May 29, 2009).
|
| 515 |
|
|
|a Issue for spring 1992 also called "Premier issue."
|
| 500 |
|
|
|a Electronic resource.
|
| 650 |
|
0 |
|a Literature, Modern
|y 20th century
|x History and criticism
|v Periodicals.
|
| 650 |
|
0 |
|a Poetry
|v Periodicals.
|
| 650 |
|
0 |
|a American literature
|y 20th century
|x History and criticism
|v Periodicals.
|
| 650 |
|
6 |
|a Littérature
|y 20e siècle
|x Histoire et critique
|v Périodiques.
|
| 650 |
|
6 |
|a Poésie
|v Périodiques.
|
| 650 |
|
6 |
|a Littérature américaine
|y 20e siècle
|x Histoire et critique
|v Périodiques.
|
| 710 |
2 |
|
|a Harvard University.
|
| 710 |
2 |
|
|a Houghton Library.
|
| 776 |
0 |
8 |
|i Also issued in print:
|t Harvard review (Cambridge, Mass. : 1992)
|x 1077-2901
|w (DLC)sn 92025848
|w (OCoLC)26861727
|
| 780 |
0 |
0 |
|t Harvard book review
|w (DLC) 2009252802
|w (OCoLC)357577082
|
| 948 |
|
|
|a cataloged
|b h
|c 2012/12/12
|d c
|e spoltoratski
|f 11:20:20 am
|g sc
|
| 994 |
|
|
|a C0
|b TXA
|
| 999 |
|
|
|a MARS
|
| 999 |
f |
f |
|s accf4a12-cc02-3ebc-91b0-fe635a163817
|i cbb285d8-74b1-3d6b-9a8e-eff024c3d6f8
|t 0
|
| 952 |
f |
f |
|a Texas A&M University
|b College Station
|c Electronic Resources
|d Available Online
|t 0
|e PN2 .H33
|g Electronic
|h Library of Congress classification
|
| 998 |
f |
f |
|a PN2 .H33
|t 0
|l Available Online
|